[Event "SuperUnited Blitz 2023"]
[Site "Zagreb CRO"]
[Date "2023.07.08"]
[Round "8.2"]
[White "Caruana, Fabiano"]
[Black "Nepomniachtchi, Ian"]
[Result "1/2-1/2"]
[WhiteTitle "GM"]
[BlackTitle "GM"]
[WhiteElo "2782"]
[BlackElo "2779"]
[WhiteFideId "2020009"]
[BlackFideId "4168119"]
[EventDate "2023.07.08"]

1. d4 Nf6 2. c4 e6 3. Nc3 Bb4 4. e3 c5 5. Ne2 d5 6. a3 Ba5 7. dxc5 dxc4 8. Qxd8+
Kxd8 9. Bd2 Nbd7 10. Nd4 Nxc5 11. Bxc4 Bxc3 12. Bxc3 Nce4 13. Bb4 a5 14. Bd2
Nxd2 15. Kxd2 Bd7 16. f3 Ke7 17. Rac1 Rhc8 18. e4 Ne8 19. e5 Rc5 20. f4 Rd8 21.
Be2 Rd5 22. Ke3 g5 23. g3 gxf4+ 24. gxf4 Rxd4 25. Kxd4 Bc6+ 26. Ke3 Bxh1 27.
Rxh1 Nc7 28. Rc1 Nd5+ 29. Kf3 f6 30. exf6+ Kxf6 31. Rc5 Ke7 32. Bc4 Nb6 33. Ba2
Rd2 34. Rb5 Nd7 35. Rxb7 Rxh2 36. Bc4 Kd6 37. Ra7 Rxb2 38. Rxa5 Nc5 39. Ra7 h5
40. a4 Rc2 41. Bb5 Rc3+ 42. Kg2 h4 43. Rh7 Rg3+ 44. Kh2 Rg4 45. a5 Rxf4 46. a6
Nxa6 47. Bxa6 Ke5 48. Kh3 Rb4 49. Be2 Rd4 50. Bg4 Kf4 51. Bxe6 Ke3 52. Bg4 Rf4
53. Ra7 Rb4 54. Kxh4 Kf4 55. Rf7+ Ke5 56. Kg5 Rb1 57. Re7+ Kd4 58. Kf4 Rh1 59.
Rd7+ Kc4 60. Bf3 Rh4+ 61. Ke5 Kc3 62. Be4 Kc4 63. Rc7+ Kb4 64. Kd4 Rg4 65. Rb7+
Ka4 66. Rb8 Rh4 67. Kd5 Ka3 68. Bd3 Rb4 69. Rc8 Rh4 70. Be4 Kb4 71. Kd4 Rg4 72.
Rb8+ Ka4 73. Kd3 Ka5 74. Bf3 Rb4 75. Rc8 Kb5 76. Bd5 Rh4 77. Be4 Kb4 78. Rc4+
Ka5 79. Kd4 Kb5 80. Rc1 Kb4 81. Rb1+ Ka4 82. Kd5 Ka3 83. Bd3 Rb4 84. Rh1 Kb3 85.
Kc5 Rf4 86. Rh3 Rf8 87. Be4+ Kb2 88. Kd4 Rd8+ 89. Bd5 Kc2 90. Rh5 Kd2 91. Rg5
Rd7 92. Rg8 Kd1 93. Ke4 Kd2 94. Ra8 Re7+ 95. Kd4 Rd7 96. Ra2+ Kd1 97. Ke4 Kc1
98. Bc4 Rd2 99. Ra8 Rd7 100. Bd3 Kd2 101. Ra2+ Kc3 102. Rc2+ Kb4 103. Ke3 Rg7
104. Rc4+ Kb3 105. Rc8 Kb4 106. Be4 Rg4 107. Kd3 Rh4 108. Rc4+ Ka5 109. Kd4 Kb5
110. Rc5+ Kb4 111. Rg5 Ka4 112. Rg8 Kb4 113. Re8 Rg4 114. Re7 Rh4 115. Rg7 Ka4 1/2-1/2

[Event "SuperUnited Blitz 2023"]
[Site "Zagreb CRO"]
[Date "2023.07.09"]
[Round "18.1"]
[White "Anand, Viswanathan"]
[Black "Saric, Ivan"]
[Result "1/2-1/2"]
[WhiteTitle "GM"]
[BlackTitle "GM"]
[WhiteElo "2754"]
[BlackElo "2657"]
[WhiteFideId "5000017"]
[BlackFideId "14508150"]
[EventDate "2023.07.08"]

1. e4 c5 2. Nf3 d6 3. Bb5+ Nd7 4. a4 Nf6 5. Nc3 a6 6. Be2 b6 7. O-O Bb7 8. d3 e6
9. Re1 Be7 10. Bf1 O-O 11. g3 Qc7 12. Bf4 Bc6 13. Bg2 e5 14. Be3 b5 15. Nd2 Rfb8
16. b3 Nb6 17. Qc1 Ng4 18. Nf1 Nxe3 19. Nxe3 Bg5 20. Qd1 Bxe3 21. Rxe3 bxa4 22.
bxa4 Qd7 23. a5 Na4 24. Nxa4 Bxa4 25. Qc1 Rb7 26. c4 Rab8 27. Re1 Rb2 28. Qe3 h6
29. Re2 Bc6 30. Rxb2 Rxb2 31. h4 Qb7 32. Bh3 Rb1+ 33. Rxb1 Qxb1+ 34. Kg2 Qb4 35.
g4 Qxa5 36. g5 Qd8 37. gxh6 Qxh4 38. hxg7 Kxg7 39. Qd2 Qd8 40. Bf5 a5 41. Qe3
Qh4 42. Kg1 a4 43. Qd2 Qd8 44. Qc1 Bd7 45. Bxd7 Qxd7 46. Qg5+ Kf8 47. Qh6+ Ke8
48. Qh8+ Ke7 49. Qh4+ f6 50. Qh7+ Kd8 51. Qg8+ Kc7 52. Qa8 Qg4+ 53. Kh2 Qh4+ 54.
Kg2 Qg4+ 55. Kh2 Qd1 56. Qa7+ Kd8 57. Qb8+ Ke7 58. Qc7+ Ke6 59. Qc8+ Kf7 60.
Qd7+ Kg6 61. Qe8+ Kg7 62. Qe7+ Kg6 63. Qe8+ Kg5 64. Qg8+ Kh6 65. Qh8+ Kg6 66.
Qg8+ Kh6 67. Qh8+ Kg6 68. Qg8+ 1/2-1/2